<A> new american TQM four practical revolutions in management

Guardado en:
Detalles Bibliográficos
Autor principal: Shiba, Shoji
Otros Autores: Graham, Alan, Walden, David
Formato: Libro
Lenguaje:inglés
Publicado: Portland Productivity Press 1993
Edición:1. ed.
Materias:
Etiquetas: Agregar Etiqueta
Sin Etiquetas, Sea el primero en etiquetar este registro!

MARC

LEADER 00000nam a2200000 4500
001 c021309
005 20230116130611.6
020 |a 1-56327-032-3 
041 0 |a eng 
044 |a US 
245 1 0 |a <A> new american TQM  |b four practical revolutions in management  |c Shoji Shiba, Alan Graham, David Walden 
250 |a 1. ed. 
264 1 |a Portland  |b Productivity Press  |c 1993 
300 |a 574 s. 
610 2 0 |a riadenie 
610 2 0 |a riadenie kvality 
610 2 0 |a manažment 
610 2 0 |a kvalita 
610 2 0 |a plánovanie strategické 
610 2 0 |a kontrola kvality 
610 2 0 |a rozvoj pracovníkov 
610 2 0 |a TQM 
610 2 0 |a USA 
100 1 |a Shiba, Shoji 
700 1 |a Graham, Alan 
700 1 |a Walden, David